La parole et la fiction

Zapisane w:
Opis bibliograficzny
1. autor: Duvert, Tony
Format: Książka
Język:angielski
Etykiety: Dodaj etykietę
Nie ma etykietki, Dołącz pierwszą etykiete!

MARC

LEADER 00000nam a2200000 4500
001 CDOM0000001921
003 mi
005 20251008114354.0
008 251008b |||||||| |||| 00| 0 eng d
040 |c mi 
100 |a Duvert, Tony 
245 1 |a La parole et la fiction  
942 |2 ddc  |c BK 
952 |0 0  |1 0  |2 ddc  |4 0  |7 0  |9 5693  |a MI  |b MI  |d 1987-07-22  |i 403  |l 0  |p CDOM403  |r 2025-07-13 16:28:00  |w 2025-07-13  |x ACQUISTO  |y BK 
999 |c 4537  |d 4537